| 000 | 00494 a2200145 4500 | ||
|---|---|---|---|
| 999 |
_c12122 _d12122 |
||
| 008 | 231223b ||||| |||| 00| 0 eng d | ||
| 020 | _a9780727730015 | ||
| 082 |
_a624.0687 _bCOX |
||
| 100 | _a Cox, Andrew W.; | ||
| 245 |
_aManaging in construction supply chains and markets : _breactive and proactive options for improving performance and relationship menagement |
||
| 260 |
_bInstitution of Civil Engineers _c2006 |
||
| 700 | _aIreland, Paul; | ||
| 700 | _aTownsend, Mike | ||
| 942 | _2ddc | ||